00782nam a2200193 i 450000100060000000300090000600500170001500700030003200800410003508000380007610000300011424501230014426000430026730000210031053401290033160000610046071000320052185200350055317695ES-MaACL20240116184748.0t|010504s1996 sp ||||1| spa d a929 Jovellanos, Gaspar Melchor de1 aPalacios, José María.13aLa vida de Jovellanos al alcance de los muchachos / ccompuesta por el profesor gijonés Don José María Palacios. aGijón : bAteneo Jovellanos, c1996. a35 p. ; c21 cm. pReproducción facsimil de la ed. de: c-- Gijón : Establecimiento Tipográfico Palacio, González y Compañía, 1917.14aJovellanos, Gaspar Melchor de,d1744-1811-xBiografías2 aAteneo Jovellanos (Gijón) aES-MaACLj2163-F-24 bR.125531